<?xml version="1.0" encoding="UTF-8"?>
<collection xmlns="http://www.loc.gov/MARC21/slim">
<record>
  <controlfield tag="001">165044</controlfield>
  <controlfield tag="005">20260515150542.0</controlfield>
  <datafield tag="024" ind1="7" ind2=" ">
    <subfield code="2">doi</subfield>
    <subfield code="a">10.5209/aris.105525</subfield>
  </datafield>
  <datafield tag="024" ind1="8" ind2=" ">
    <subfield code="2">sideral</subfield>
    <subfield code="a">146460</subfield>
  </datafield>
  <datafield tag="037" ind1=" " ind2=" ">
    <subfield code="a">ART-2026-146460</subfield>
  </datafield>
  <datafield tag="041" ind1=" " ind2=" ">
    <subfield code="a">spa</subfield>
  </datafield>
  <datafield tag="100" ind1=" " ind2=" ">
    <subfield code="a">Leonarte Benedí, Ana</subfield>
    <subfield code="u">Universidad de Zaragoza</subfield>
  </datafield>
  <datafield tag="245" ind1=" " ind2=" ">
    <subfield code="a">Perfiles del alumnado de Educación Secundaria Obligatoria (ESO) en relación con la creatividad y la educación artística: una base para una enseñanza personalizada</subfield>
  </datafield>
  <datafield tag="260" ind1=" " ind2=" ">
    <subfield code="c">2026</subfield>
  </datafield>
  <datafield tag="506" ind1="0" ind2=" ">
    <subfield code="a">Access copy available to the general public</subfield>
    <subfield code="f">Unrestricted</subfield>
  </datafield>
  <datafield tag="520" ind1="3" ind2=" ">
    <subfield code="a">La creatividad constituye una competencia esencial para el desarrollo personal, académico y social. En el contexto educativo, el desarrollo de la creatividad se ha convertido en un objetivo importante para potenciar, no solo la mejora de las habilidades creativas, sino también el desarrollo integral del alumnado. Esto es aún más importante en el caso de la educación artística, que se remarca como un espacio especialmente pertinente para el desarrollo de la creatividad. Sin embargo, conocer los perfiles iniciales del alumnado en relación con estas variables resulta esencial para poder potenciar su desarrollo. Por ello, a través de este estudio se pretende identificar perfiles dentro del alumnado en relación con la creatividad y la educación artística, y establecer una base empírica para la personalización del aprendizaje. Para ello se ha realizado un análisis de tipo clúster en una muestra de 441 estudiantes de educación secundaria de la Comunidad Autónoma de Aragón. Los resultados obtenidos han permitido establecer cuatro perfiles diferenciados en relación con la actitud y predisposición hacia la enseñanza artística, las habilidades creativas y la percepción hacia sus propias capacidades. Además, los resultados permiten ofrecer pautas pedagógicas básicas a implementar en cada uno de los perfiles del alumnado.</subfield>
  </datafield>
  <datafield tag="536" ind1=" " ind2=" ">
    <subfield code="9">info:eu-repo/grantAgreement/ES/UZ-IBERCAJA/JIUZ-2022-CSJ-04</subfield>
  </datafield>
  <datafield tag="540" ind1=" " ind2=" ">
    <subfield code="9">info:eu-repo/semantics/openAccess</subfield>
    <subfield code="a">by</subfield>
    <subfield code="u">https://creativecommons.org/licenses/by/4.0/deed.es</subfield>
  </datafield>
  <datafield tag="655" ind1=" " ind2="4">
    <subfield code="a">info:eu-repo/semantics/article</subfield>
    <subfield code="v">info:eu-repo/semantics/publishedVersion</subfield>
  </datafield>
  <datafield tag="700" ind1=" " ind2=" ">
    <subfield code="a">Larraz-Rábanos, Natalia</subfield>
    <subfield code="u">Universidad de Zaragoza</subfield>
    <subfield code="0">(orcid)0000-0001-7091-2855</subfield>
  </datafield>
  <datafield tag="700" ind1=" " ind2=" ">
    <subfield code="a">Bustamante, Juan Carlos</subfield>
    <subfield code="u">Universidad de Zaragoza</subfield>
    <subfield code="0">(orcid)0000-0002-8201-0469</subfield>
  </datafield>
  <datafield tag="710" ind1="2" ind2=" ">
    <subfield code="1">4009</subfield>
    <subfield code="2">735</subfield>
    <subfield code="a">Universidad de Zaragoza</subfield>
    <subfield code="b">Dpto. Psicología y Sociología</subfield>
    <subfield code="c">Área Psicolog.Evolut.Educac</subfield>
  </datafield>
  <datafield tag="773" ind1=" " ind2=" ">
    <subfield code="g">38, 2 (2026), 295-311</subfield>
    <subfield code="t">Arte, Individuo y Sociedad</subfield>
    <subfield code="x">1131-5598</subfield>
  </datafield>
  <datafield tag="856" ind1="4" ind2=" ">
    <subfield code="s">921813</subfield>
    <subfield code="u">http://zaguan.unizar.es/record/165044/files/texto_completo.pdf</subfield>
    <subfield code="y">Versión publicada</subfield>
  </datafield>
  <datafield tag="856" ind1="4" ind2=" ">
    <subfield code="s">2283708</subfield>
    <subfield code="u">http://zaguan.unizar.es/record/165044/files/texto_completo.jpg?subformat=icon</subfield>
    <subfield code="x">icon</subfield>
    <subfield code="y">Versión publicada</subfield>
  </datafield>
  <datafield tag="909" ind1="C" ind2="O">
    <subfield code="o">oai:zaguan.unizar.es:165044</subfield>
    <subfield code="p">articulos</subfield>
    <subfield code="p">driver</subfield>
  </datafield>
  <datafield tag="951" ind1=" " ind2=" ">
    <subfield code="a">2026-05-15-15:02:29</subfield>
  </datafield>
  <datafield tag="980" ind1=" " ind2=" ">
    <subfield code="a">ARTICLE</subfield>
  </datafield>
</record>
</collection>